Datum a čas kvízu
37
Celkem bodů
Celkový počet nahraných bodů na tomto kvízu bez doplňovacích otázek.
5.
Pořadí na kvízu
Konečné umístění týmu na tomto kvízu.
Zaznamenané odpovědi
| # | Otázka | Odpověď | Body | Výsledky |
|---|---|---|---|---|
| 1. | V minulém týdnu objevil na Pál... | C) houby | 1 | |
| 2. | Policista, který se domáhal ná... | B) sýr čedar | 0 | |
| 3. | O filmu, jehož děj se odehrává... | Vlny, Jiří Mádl | 1 | |
| 4. | V jednom evropském státě se ro... | Řecko | 1 | |
| 5. | Biniam Girmay je teprve třetím... | z Eritrey | 1 | |
| 6. | Téma začneme českým filmem Ari... | Hynek Čermák, Tatiana Dyková | 1 | |
| 7. | Ve filmu V hlavě z roku 2015 j... | A) úzkost | 1 | |
| 8. | V březnu 2024 jsme se dočkali... | 1D 2B 3A 4C | 0 | |
| 9. | Premiéru má každý rok velké mn... | C | 1 | |
| 10. | V roce 2024 přišlo do kin rovn... | Frank Herbert, Spasitel Duny | 1 |